Rescue: a novel (Record no. 34380)

MARC details
000 -LEADER
fixed length control field 00394nam a2200169Ia 4500
020 ## - INTERNATIONAL STANDARD BOOK NUMBER
ISBN 978- 0- 316- 02072- 5
050 ## - CALL MARK
Classification number PS3569.H7385R46
100 ## - STATEMENT OF RESPONSIBILITY--MAIN AUTHOR NAME
Personal name Anita Shreve
245 #0 - TITLE STATEMENT
Title Rescue: a novel
260 ## - PUBLICATION, DISTRIBUTION, ETC. (IMPRINT)
Name of publisher Back bay books
260 ## - PUBLICATION, DISTRIBUTION, ETC. (IMPRINT)
Year of publication 2010
300 ## - PHYSICAL DESCRIPTION
Number of Pages 288 p
650 ## - SUBJECT ADDED ENTRY--TOPICAL TERM
Topical Term Domestic fiction
942 ## - ADDED ENTRY ELEMENTS (KOHA)
Koha item type Books
Holdings
Withdrawn status Lost status Source of classification or shelving scheme Damaged status Not for loan Permanent Location Current Location Date acquired Accession Number Price effective from Koha item type
    Library of Congress Classification     NILE UNIVERSITY OF NIGERIA - MAIN LIBRARY NILE UNIVERSITY OF NIGERIA - MAIN LIBRARY 04/23/2025 0006138 04/23/2025 Books